000
00312nam a22001217a 4500
999
_c
158826
_d
158826
082
_a
_b
245
_a
Perspectives in measurement and evaluation in education (v.1)/
_c
Vashist S R (ed.).
260
_a
New Delhi:
_b
Anmol,
_c
1993.
300
_a
291p.
650
_a
700
_a
Vashist S R (ed.)
942
_c
BK